| 000 | 00633nam a22002297a 4500 | ||
|---|---|---|---|
| 003 | BD-DhJNU | ||
| 005 | 20251015044944.0 | ||
| 008 | 251015b |||||||| |||| 00| 0 eng d | ||
| 020 | _a9780073383118 | ||
| 020 | _a0073383112 | ||
| 040 |
_aBD-DhJNU _bENG _cBD-DhJNU _dBD-DhJNU |
||
| 082 |
_223 _a515.22 |
||
| 100 | _aSmith, Robert T. | ||
| 245 |
_aCalculus / _cRobert T. Smith, Roland B. Minton |
||
| 250 | _a4th ed. | ||
| 260 |
_aNew York : _bMc Graw Hill, _c2012. |
||
| 300 |
_axxvi, 1109 p. [various] : _bill. ; _c25 cm. |
||
| 504 | _aincludes index | ||
| 650 | _aCalculus | ||
| 700 | _aMinton, Roland B | ||
| 942 |
_2ddc _cBK _n0 |
||
| 999 |
_c2274 _d2274 |
||